|
|
|
|
| LEADER |
00574cam a2200169 7i4500 |
| 001 |
0000038687 |
| 005 |
20110511090000.0 |
| 020 |
|
|
|a 9789673080403
|
| 090 |
0 |
0 |
|a BP166.2
|b .A86 2008
|
| 245 |
0 |
0 |
|a Asmaul husna :
|b takrif & fadhilatnya
|c penyusun, Ustazi b. Othman.
|
| 260 |
|
|
|a Johor Bahru:
|b Perniagaan Jahabersa,
|c 2008.
|
| 300 |
|
|
|a 244 p.;
|c 26 cm.
|
| 650 |
0 |
0 |
|a God (Islam) --
|x Name
|
| 650 |
0 |
0 |
|a God (Islam) --
|x Attributes
|
| 700 |
0 |
|
|a Ustazi Othman
|
| 999 |
|
|
|a 0000049706
|b BOK
|c OPEN SHELF
|e 1st Floor, Bestari Jaya
|
| 999 |
|
|
|a 0000049707
|b BOK
|c OPEN SHELF
|e 1st Floor, Shah Alam
|